00603nam a22001697a 450000500170000001000150001702000260003203500130005803700130007108200120008410000190009624501260011526000490024127000670029030000260035750000500038320130911145920.0 aENG-108295 c750.00a9789380336503 aEN-91828 bDBAD/PUB a330.954 aNiyogi, Pushpa aContributions to the economic history of northern India :cby Pushpa Niyogibfrom the tenth to the twelfth century A.D. / aKolkatabMaha Bodhi Book Agencyc2012(repr.) a4A, Bankim Chatterjee Street, College Square,bKolkatae700073 axxxiv,341p.c23cm(Hb) aIncludes bibliographical references and index